01545agaaa2200301 45000010005000000030009000050050017000140070009000310080040000400400023000800410013001031000049001161300017001652450185001822500022003672600129003893000034005185080207005525110090007595200064008495380016009135460013009296500056009427000061009987000061010597000056011207000067011766155IT-RoPAU20220918181238.0d cvaizq50131s9999||||xx ||| | || ||und|| aIT-RoPAUcIT-RoPAU aITALIANO aDe Sica VittoriogCodice regista SPICS: 7270 aGIRASOLI (I) aGIRASOLI (I)cProdotto da: Ponti Carlo Cohn A. -- Sceneggiatura: Guerra Tonino Zavattini Cesare -- Diretto da: De Sica VittoriopGIRASOLI (I) (Rif. Codice opera principale : 26155) aEdizione Standard aROMA - PARIGI (ITALIA)bCHAMPION - LES FILMS CONCORDIA / Distribuzione: RAIg"1970 (1° ed.: 1984 ; Ed. Lingua Orig.: 1970)" aVHSbsonoro, col.c120 minuti a"Fotografia: Rotunno Giuseppe; Montaggio: Novelli Adriana; Musica: Mancini Henry; Sceneggiatura: Guerra Tonino Zavattini Cesare; Scenografia: Poletto Piero; Soggetto: Guerra Antonio -- Zavattini Cesare" a"Loren Sophia; Mastroianni Marcello; Saveljeva Ljudmila; Andreeva Alina; Carena Anna" aCOMMEDIA DRAMMATICA SOLDATO DISPERSO NAPOLI U.R.S.S. GUERRA aPAL, STEREO aITALIANO aDRAMMATICOeFILMS [VHS]xCodice MATERIA SPICS: 9960 aDe Sica Vittorio e(regista)gCodice regista SPICS: 7270 aGuerra Antonio e(soggetto)gCodice Soggetto SPICS: 5722 aMancini Henrye(musica)gCodice Musica SPICS: 11002 aZavattini Cesare e(soggetto)gCodice Soggetto 2° SPICS: 3365